| 000 | 01225nac a22002651u 4500 | ||
|---|---|---|---|
| 010 | _a 99048790 | ||
| 020 | _a0130124680 | ||
| 020 | _a8178083345 | ||
| 082 | 0 | 0 |
_a621.39/5 _bM2853 |
| 090 |
_c708 _d708 |
||
| 100 | _aMano, M. Morris, | ||
| 245 | 1 | 0 |
_aLogic and computer design fundamentals / _cM. Morris Mano, Charles R. Kime. |
| 250 | _a2nd ed. | ||
| 260 |
_aNew Delhi : _bPearson Education, _cc2000. |
||
| 300 |
_axvi, 652 p. : _bcol. ill. ; _c24 cm. |
||
| 504 | _aIncludes bibliographical references and index. | ||
| 650 | 0 |
_aElectronic digital computers _xCircuits. |
|
| 650 | 0 | _aLogic circuits. | |
| 650 | 0 | _aLogic design. | |
| 700 | 1 | _aKime, Charles R. | |
| 942 |
_cBB _k621.39/5M2853 |
||
| 999 |
_c708 _d708 |
||